[Event "Girona Province-chA"]
[Site "Figueres"]
[Date "2009.10.18"]
[Round "3"]
[White "Martin Alvarez, Gerard"]
[Black "Trias Punset, Carles"]
[Result "0-1"]
[WhiteElo "1496"]
[BlackElo "1776"]
[PlyCount "52"]
[EventDate "2009.10.04"]
[EventType "swiss"]
[EventRounds "8"]
[EventCountry "ESP"]
[SourceTitle "EXT 2019"]
[Source "ChessBase"]
[SourceDate "2018.10.10"]
[SourceVersion "1"]
[SourceVersionDate "2018.10.10"]
[SourceQuality "1"]

1. e4 e6 2. d4 d5 3. e5 c5 4. c3 cxd4 5. cxd4 Bb4+ 6. Bd2 Bxd2+ 7. Qxd2 Nc6 8. Nf3 h6 9. Be2 a6 10. 0-0 Nge7 11. Na3 Nf5 12. Rfd1 Qa5 13. Qxa5 Nxa5 14. Bd3 Ne7 15. Rac1 Nac6 16. Bb1 0-0 17. Rc3 Bd7 18. h3 Rac8 19. Nh2 Na5 20. Rg3 Nf5 21. Bxf5 exf5 22. Rgd3 Nc4 23. Nxc4 Rxc4 24. Rb3 Ba4 25. Rbd3 Bxd1 26. Rxd1 Rfc8 0-1

[Event "Girona Province-chA"]
[Site "Figueres"]
[Date "2009.10.11"]
[Round "2"]
[White "Salagran Ferragut, Guillem"]
[Black "Martin Alvarez, Gerard"]
[Result "1-0"]
[WhiteElo "1698"]
[BlackElo "1496"]
[PlyCount "63"]
[EventDate "2009.10.04"]
[EventType "swiss"]
[EventRounds "8"]
[EventCountry "ESP"]
[SourceTitle "EXT 2019"]
[Source "ChessBase"]
[SourceDate "2018.10.10"]
[SourceVersion "1"]
[SourceVersionDate "2018.10.10"]
[SourceQuality "1"]

1. e4 e6 2. d3 d5 3. Nd2 Nf6 4. Ngf3 b6 5. g3 Bb7 6. e5 Nfd7 7. Bg2 c5 8. 0-0 Be7 9. Re1 0-0 10. Nf1 Nc6 11. h4 Qb8 12. Bf4 Bd8 13. Qe2 Bc7 14. N1h2 Re8 15. h5 d4 16. Ng4 Ne7 17. Rab1 a6 18. a3 Nd5 19. Bd2 a5 20. Ng5 Ne7 21. Be4 Nf5 22. Qf3 Ra7 23. Nxh7 Bxe4 24. dxe4 Nxg3 25. fxg3 Kxh7 26. Qxf7 Bxe5 27. Qg6+ Kh8 28. h6 Nf8 29. Qh5 Bf6 30. hxg7+ Kxg7 31. Bh6+ Kg8 32. Nxf6+ 1-0